Growth and differentiation in plants
Na minha lista:
| Main Authors: | , |
|---|---|
| Formato: | Livro |
| Idioma: | inglês |
| Publicado em: |
Oxford
Pergamon Press
1981
|
| Edição: | 3a. ed |
| Assuntos: | |
| Tags: |
Adicionar Tag
Sem tags, seja o primeiro a adicionar uma tag!
|
MARC
| LEADER | 00000nam a2200000 a 4500 | ||
|---|---|---|---|
| 001 | UCY1231 | ||
| 003 | CL-VaPUC | ||
| 008 | 940824e19810000UK |||||||||||||||||eng|d | ||
| 082 | 0 | 4 | |a 581.31 |b WAR |2 21 |
| 100 | 0 | |a Wareing, Philip Frank |e author |9 329173 | |
| 700 | 0 | |a Phillips, Irving David Lames |e author |9 329174 | |
| 245 | 1 | 0 | |a Growth and differentiation in plants |
| 250 | |a 3a. ed | ||
| 300 | |a 343 p | ||
| 942 | |c BK | ||
| 945 | |d 19940824 00:00:00 |a mfernand | ||
| 260 | |a Oxford |b Pergamon Press |c 1981 | ||
| 650 | 0 | |a Fisiología vegetal |9 260158 | |
| 650 | 7 | |a CRECIMIENTO PLANTAS |2 CL-VaPUC |9 329175 | |
| 583 | |a last modification |c 19940824 00:00:00 |k Rodrigo Vera | ||
| 999 | |c 230003 |d 230001 | ||
| 952 | |0 0 |1 0 |4 0 |6 581_310000000000000_WAR_1981 |7 0 |8 A |9 231814 |a BIBCUR |b BIBCUR |d 2019-11-15 |i 3195465 |o 581.31 WAR 1981 |p 3195465 |r 2025-04-22 |w 2019-11-15 |y BK |k BCB | ||